Tenyészállatdíjazás Zemplén Szinán

Správa o tom, že ministerstvo pôdohospodárstva uskutočnilo oceňovanie plemenného dobytka v Snine dňa 4. septembra 1901. Počty prihnaných zvierat a druhy. 40 z nich bolo odmenených 400 korunami.

Podrobná bibliografia
Médium: Článok
Jazyk:Hungarian
Témy:
Zdroj: 1. Felsőmagyarország 1. Roč. 17, č. 205 (08.09.1901) s. 6
LEADER 00917nab#a2200289#ar4500
001 000076985
003 SVKKK
005 20060717xxxxxxx.
008 06 c xo huno
FMT
038 |a SVKKK 
040 |a SVKKK  |b slo  |e AACR2 
041 0 |a hun 
044 |a xo  |c SK 
080 |a 636 
242 1 0 |a Oceňovanie plemenného dobytka v Snine 
245 0 0 |a Tenyészállatdíjazás Zemplén Szinán 
520 2 |a Správa o tom, že ministerstvo pôdohospodárstva uskutočnilo oceňovanie plemenného dobytka v Snine dňa 4. septembra 1901. Počty prihnaných zvierat a druhy. 40 z nich bolo odmenených 400 korunami. 
650 0 4 |a dobytok plemenný - oceňovanie - Snina (HN) - rok 1901 - správy 
773 0 |t Felsőmagyarország  |g Roč. 17, č. 205 (08.09.1901) s. 6 
957 |a Snina 
958 |a DG 
958 |a SK 
974 |a Ba  |d 20060717 
992 |a RBX 
BAS
998 |a RETRO